Todos mis días 1 : libro de lectura inicial :
Guardado en:
| Autor Principal: | |
|---|---|
| Otros Autores: | , , |
| Formato: | Libro |
| Publicado: |
Buenos Aires :
Kapelusz,
1985.
|
| Materias: | |
| Etiquetas: |
Agregar Etiqueta
Sin Etiquetas, Sea el primero en etiquetar este registro!
|
| LEADER | 00881nam a22002655a 4500 | ||
|---|---|---|---|
| 001 | CEM.cems012507 | ||
| 005 | 20080718085331.0 | ||
| 008 | 130507s1985##################000#0#####d | ||
| 003 | CEMS | ||
| 020 | |a 9501300692 | ||
| 082 | 0 | 4 | |a SG372.41 |
| 100 | 1 | |a Domínguez, Juana | |
| 245 | 1 | 0 | |a Todos mis días 1 : |b libro de lectura inicial : |c Juana Domínguez ; francisca Juan Castell ; alicia Pons ; lucía Suárez. |
| 260 | |a Buenos Aires : |b Kapelusz, |c 1985. | ||
| 300 | |a 110 p. | ||
| 500 | |a Actividades de lengua para 1º grado. | ||
| 653 | |a Biblioteca maría de los Ángeles saggio | ||
| 653 | |a Educación | ||
| 653 | |a Educación primaria | ||
| 653 | |a Lengua-1º egb | ||
| 653 | |a Lengua-actividades | ||
| 700 | 1 | |a Juan Castell, Francisca | |
| 700 | 1 | |a Pons, Alicia | |
| 700 | 1 | |a Suárez, Lucía | |
| 859 | |a CEMS |b BIB. CEMS - 11 de abril |h SG372.41 |i D713-1 |p 23797.07 |t Ej.1 |v 1º |3 1º | ||
